|
|
|
|
| LEADER |
00000nam0a2200000 4500 |
| 001 |
26692 |
| 005 |
20231101205738.0 |
| 010 |
|
|
|a 5020025445
|
| 010 |
|
|
|a 5-7846-0041-9
|
| 035 |
|
|
|a (RuTPU)RU\TPU\book\26936
|
| 035 |
|
|
|a BOOK00027011
|
| 090 |
|
|
|a 26692
|
| 100 |
|
|
|a 20011209d2000 km y0rusy50 ca
|
| 101 |
0 |
|
|a rus
|
| 102 |
|
|
|a RU
|
| 105 |
|
|
|a a z 000zy
|
| 200 |
1 |
|
|a Моделирование фазовых равновесий при кристаллизации базальтовых магм
|f А. А. Арискин, Г. С. Бармина
|g Российская академия наук, Институт геохимии и аналитической химии (РАН ГЕОХИ)
|
| 210 |
|
|
|a Москва
|c МАИК "Наука/Интерпериодика"
|d 2000
|c Наука
|
| 215 |
|
|
|a 363 с.
|
| 606 |
|
|
|a Магма базальтовая
|x Происхождение
|2 stltpush
|3 (RuTPU)RU\TPU\subj\40701
|9 60543
|
| 610 |
1 |
|
|a геология
|
| 610 |
1 |
|
|a петрография
|
| 610 |
1 |
|
|a кристаллизация
|
| 610 |
1 |
|
|a фазовое равновесие
|
| 610 |
1 |
|
|a иоделирование
|
| 610 |
1 |
|
|a фракционирование
|
| 610 |
1 |
|
|a КОМАГМАТ
|
| 610 |
1 |
|
|a геохимическая термометрия
|
| 610 |
1 |
|
|a толеитовая магма
|
| 610 |
1 |
|
|a высокоглиноземные базальты
|
| 675 |
|
|
|a 552.11
|v 3
|
| 700 |
|
1 |
|a Арискин
|b А. А.
|g Алексей Алексеевич
|
| 701 |
|
1 |
|a Бармина
|b Г. С.
|g Галина Сергеевна
|
| 712 |
0 |
2 |
|a Российская академия наук
|b Институт геохимии и аналитической химии (РАН ГЕОХИ)
|c (Москва)
|2 stltpush
|3 (RuTPU)RU\TPU\col\192
|
| 801 |
|
0 |
|a RU
|b 63413507
|c 20011209
|g PSBO
|
| 801 |
|
2 |
|a RU
|b 63413507
|c 20180112
|g PSBO
|
| 942 |
|
|
|c BK
|